| 000 | 01256 a2200253 4500 | ||
|---|---|---|---|
| 003 | Nust | ||
| 005 | 20220729124611.0 | ||
| 010 | _a 2002070890 | ||
| 020 | _a0072424346 (acid-free paper) | ||
| 040 | _cNust | ||
| 082 | 0 | 0 | _a511,ROS |
| 100 | 1 |
_aRosen, Kenneth H. _917956 |
|
| 245 | 1 | 0 |
_aDiscrete Mathematics and its Applications / (Include CD) _cKenneth H. Rosen. |
| 250 | _a5th ed. | ||
| 260 |
_aBoston : _bMcGraw-Hill, _cc2003. |
||
| 300 |
_axxi, 787, 9, 8, 83, 1, 18 p. : _bill. (some col.) ; _c26 cm. |
||
| 505 | _aThe Foundations: Logic and Proof, Sets, and Functions (Page-1), The Fundamentals: Algorithms, the Integers, and Matrices (Page-120), Mathematical Reasoning, Induction, and Recursion (Page-213), Counting (Page-301), Discrete Probability (Page-355), Advanced Counting Techniques (Page-401), Relations (Page-471), Graphs (Page-537), Trees (Page-631), Boolean Algebra (Page-701), Modeling Computation (Page-739). | ||
| 650 | 0 |
_aComputer science _xMathematics. _917957 |
|
| 650 | 0 | _aMathematics. | |
| 651 |
_a(Include CD) _98953 |
||
| 856 | 4 | 1 |
_3Publisher description _uhttp://www.loc.gov/catdir/description/mh024/2002070890.html |
| 856 | 4 | 1 |
_3Table of contents _uhttp://www.loc.gov/catdir/toc/mh031/2002070890.html |
| 942 |
_2ddc _cREF |
||
| 999 |
_c188764 _d188764 |
||